00301pab a2200121 454500008004000000100002400040245003000064260000900094300001100103362001100114650002800125773002600153180718b1990 xxu||||| |||| 00| 0 eng d aChapman, Richard A. aDecision making revisited c1990 a353-67 aAutumn aOfficial Secrets - U.K. aPublic Administration